Business analysis/ (Record no. 611)
[ view plain ]
| 000 -LEADER | |
|---|---|
| fixed length control field | 00391nam a22001697a 4500 |
| 003 - CONTROL NUMBER IDENTIFIER | |
| control field | BD-DhUIB |
| 005 - DATE AND TIME OF LATEST TRANSACTION | |
| control field | 20251025185615.0 |
| 008 - FIXED-LENGTH DATA ELEMENTS--GENERAL INFORMATION | |
| fixed length control field | 251025b |||||||| |||| 00| 0 eng d |
| 040 ## - CATALOGING SOURCE | |
| Original cataloging agency | BD-DhUIB |
| Transcribing agency | BD-DhUIB |
| 050 ## - LIBRARY OF CONGRESS CALL NUMBER | |
| Classification number | 658.0072 |
| 082 ## - DEWEY DECIMAL CLASSIFICATION NUMBER | |
| Edition number | 22 |
| 100 ## - MAIN ENTRY--PERSONAL NAME | |
| Personal name | Evans, James. |
| 9 (RLIN) | 1049 |
| 245 ## - TITLE STATEMENT | |
| Title | Business analysis/ |
| Statement of responsibility, etc. | by James, Evans. |
| 250 ## - EDITION STATEMENT | |
| Edition statement | 2nd ed. |
| 526 ## - STUDY PROGRAM INFORMATION NOTE | |
| Program name | BBA. |
| 942 ## - ADDED ENTRY ELEMENTS (KOHA) | |
| Source of classification or shelving scheme | Dewey Decimal Classification |
| Koha item type | Books |
| Withdrawn status | Lost status | Source of classification or shelving scheme | Damaged status | Not for loan | Collection code | Home library | Current library | Shelving location | Date acquired | Source of acquisition | Total Checkouts | Total Renewals | Full call number | Barcode | Date due | Date last seen | Date last checked out | Copy number | Price effective from | Koha item type |
|---|---|---|---|---|---|---|---|---|---|---|---|---|---|---|---|---|---|---|---|---|
| Dewey Decimal Classification | Non-fiction | IBA Library | IBA Library | General Stacks | 09/18/2019 | Purchase | 1 | 3 | 658.0072 E92b | 00051168 | 03/28/2026 | 10/25/2025 | 10/25/2025 | C-1 | 10/25/2025 | Books | ||||
| Dewey Decimal Classification | Non-fiction | IBA Library | IBA Library | General Stacks | 12/29/2019 | Purchase | 1 | 658.0072 E92b | 00051167 | 11/17/2025 | 11/03/2025 | 11/03/2025 | C-1 | 11/03/2025 | Books |
